000 01051nam a2200313 i 4500
001 000002436
003 DO-SdBNP
005 20250724132255.0
007 ta
008 090702s2005 sp a 000 0 spa d
020 _a8489384568
040 _aDO-SdBNP
_bspa
_cBNPHU
_erda
041 _aspa
082 4 _axxxx
_bG931a
_222
100 1 _aGuereña, Jean-Louis,
_d1950-
_97707
_4aut.
_eautor
245 1 3 _aEl alfabeto de las buenas maneras :
_blos manuales de urbanidad en la España contemporánea /
_cJean-Louis Guereña.
264 _aMadrid :
_bFundación Germán Sánchez Ruipérez,
_c2005.
300 _a191 páginas ;
_bilustraciones ;
_c26 cm.
336 _atexto
_btxt
_2rdacontent
337 _asin mediación
_bn
_2rdamedia
338 _avolumen
_bnc
_2rdacarrier
490 1 _aBiblioteca del libro ;
500 _aIncluye información de las ilustraciones.
500 _aIncluye notas
504 _aBibliografías: páginas 171-186
590 _aInventariado, 2019/ YL
830 0 _aBiblioteca del libro
_97397
942 _2ddc
_cLBS1
999 _c2272
_d2272